Europska únia - problémy a ich možné riešenia diplomová práca

Na minha lista:
Detalhes bibliográficos
Autor principal: Sokol, Ondrej
Autor Corporativo: Podnikovohospodárska fakulta EU so sídlom v Košiciach. Katedra ekonómie
Outros Autores: Farkašovská, Mária
Formato: Livro
Idioma:eslovaco
Publicado em: Košice 2012
Tags: Adicionar Tag
Sem tags, seja o primeiro a adicionar uma tag!

MARC

LEADER 00000nbm a2200000 4500
001 0153321
005 20240827092254.7
041 0 |a slo 
044 |a SK 
245 1 0 |a Europska únia - problémy a ich možné riešenia  |b diplomová práca  |c Ondrej Sokol ; školiteľ: Mária Farkašovská 
264 1 |a Košice  |c 2012 
300 |a 69 s. 
100 1 |a Sokol, Ondrej 
700 1 |a Farkašovská, Mária 
710 2 |a Podnikovohospodárska fakulta EU so sídlom v Košiciach. Katedra ekonómie